LEADER 00799nam0-22003011i-450- 001 990001286250403321 010 $a0-521-21409-2 035 $a000128625 035 $aFED01000128625 035 $a(Aleph)000128625FED01 035 $a000128625 100 $a--------d--------km-y0itay50------ba 101 0 $aeng 200 1 $a<>course on group theory$fJohn S. Rose 210 $aCambridge$cCambridge University Press$dc1978 215 $aix, 310 p.$cill.$d24 cm 610 0 $aTeoria dei gruppi 676 $a512.2 700 1$aRose,$bJohn S.$058651 801 0$aIT$bUNINA$gRICA$2UNIMARC 901 $aBK 912 $a990001286250403321 952 $a10-C-33$b21670$fMA1 959 $aMA1 962 $a20-01 962 $a20DXX 996 $aCourse on group theory$9384689 997 $aUNINA